Geotechnical engineering : (Record no. 554224)
[ view plain ]
| 000 -LEADER | |
|---|---|
| fixed length control field | 00701cam a2200205 a 4500 |
| 020 ## - INTERNATIONAL STANDARD BOOK NUMBER | |
| International Standard Book Number | 0132368684 |
| 020 ## - INTERNATIONAL STANDARD BOOK NUMBER | |
| International Standard Book Number | 9780132368681 |
| 082 00 - DEWEY DECIMAL CLASSIFICATION NUMBER | |
| Classification number | 624.151 |
| Author Mark | COD |
| -- | MCEl-38, P-123 |
| 100 1# - MAIN ENTRY--PERSONAL NAME | |
| Personal name | Coduto, Donald P. |
| 9 (RLIN) | 23335 |
| 245 10 - TITLE STATEMENT | |
| Title | Geotechnical engineering : |
| Remainder of title | principles and practices / |
| Statement of responsibility, etc. | Donald P. Coduto, Man-chu Ronald Yeung, William A. Kitch. |
| 250 ## - EDITION STATEMENT | |
| Edition statement | 2nd ed. |
| 260 ## - PUBLICATION, DISTRIBUTION, ETC. | |
| Place of publication, distribution, etc. | Upper Sadddle River : |
| Name of publisher, distributor, etc. | Pearson, |
| Date of publication, distribution, etc. | c2011. |
| 300 ## - PHYSICAL DESCRIPTION | |
| Extent | xx, 794 p. : |
| Other physical details | ill. ; |
| Dimensions | 24 cm. |
| 526 ## - STUDY PROGRAM INFORMATION NOTE | |
| Program name | 0 |
| Interest level | 0 |
| Reading level | 0 |
| Title point value | 624_151000000000000_COD |
| 526 ## - STUDY PROGRAM INFORMATION NOTE | |
| Program name | 0 |
| Interest level | 0 |
| Reading level | 0 |
| Title point value | 624_151000000000000_COD |
| 650 #0 - SUBJECT ADDED ENTRY--TOPICAL TERM | |
| Topical term or geographic name entry element | Geotechnical engineering. |
| 700 1# - ADDED ENTRY--PERSONAL NAME | |
| Personal name | Kitch, William A. |
| 9 (RLIN) | 30422 |
| 700 1# - ADDED ENTRY--PERSONAL NAME | |
| Personal name | Yeung, Man-Chung, |
| 9 (RLIN) | 51535 |
| 942 ## - ADDED ENTRY ELEMENTS (KOHA) | |
| Source of classification or shelving scheme | |
| Koha item type | Book |
| Withdrawn status | Lost status | Source of classification or shelving scheme | Damaged status | Not for loan | Permanent Location | Current Location | Date acquired | Total Checkouts | Total Renewals | Full call number | Barcode | Date last seen | Date last checked out | Price effective from | Koha item type |
|---|---|---|---|---|---|---|---|---|---|---|---|---|---|---|---|
| Military College of Engineering (MCE) | Military College of Engineering (MCE) | 05/24/2019 | 4 | 3 | 624.151 COD | MCE-51063 | 02/25/2020 | 02/25/2020 | 05/24/2019 | Book | |||||
| Military College of Engineering (MCE) | Military College of Engineering (MCE) | 05/24/2019 | 4 | 3 | 624.151 COD | MCE-51064 | 12/15/2020 | 12/15/2020 | 05/24/2019 | Book |
